| 000 | 00750 a2200205 4500 | ||
|---|---|---|---|
| 020 | _a0070618410 | ||
| 020 | _a9780070618411 | ||
| 090 |
_c424 _d424 |
||
| 100 | 1 | _aDoane, Lori E. Seward David P. | |
| 245 | 1 | 0 |
_aApplied statistics in business and economics with st cdrom / _cLori E. Seward David P Doane. |
| 250 | _a1st Edition ed. | ||
| 260 |
_a[S.l.] : _bMcGraw Hill, _c2006. |
||
| 300 | _a834 p. | ||
| 500 | _aPaperback. | ||
| 520 | _aPrinted in black and white pages. | ||
| 650 | 4 | _aBusiness & Investing - Economics. | |
| 856 | 4 | 0 |
_3Amazon.com _uhttp://www.amazon.com/exec/obidos/ASIN/0070618410/chopaconline-20 |
| 856 | 4 | 0 |
_3Amazon customer reviews _uhttp://www.chopac.org/cgi-bin/tools/azrev.pl?q=0070618410 |
| 942 |
_aNBS _cBK _k519.5 DOA |
||
| 999 |
_c342986 _d342986 |
||